Footballeurs français ayant gagné la Coupe du Monde - Statistiques

Statistiques générales
  • Ce quiz a été pris 17 553 fois
    899 depuis la dernière actualisation
  • Le résultat moyen est 30 sur 45
Statistiques - réponses
Réponse % Correct
Kylian Mbappé
97%
Hugo Lloris
96%
Zinédine Zidane
95%
Antoine Griezmann
94%
Paul Pogba
94%
N'Golo Kanté
91%
Olivier Giroud
91%
Raphaël Varane
90%
Benjamin Pavard
88%
Lucas Hernandez
88%
Samuel Umtiti
87%
Fabien Barthez
86%
Ousmane Dembélé
85%
Steve Mandanda
85%
Adil Rami
82%
Alphonse Areola
81%
Didier Deschamps
81%
Blaise Matuidi
80%
Steven Nzonzi
76%
Florian Thauvin
75%
Thierry Henry
75%
Lilian Thuram
73%
Laurent Blanc
72%
Emmanuel Petit
71%
Bixente Lizarazu
68%
Marcel Desailly
68%
Nabil Fekir
67%
Djibril Sidibé
59%
Benjamin Mendy
58%
David Trezeguet
58%
Corentin Tolisso
57%
Presnel Kimpembe
55%
Patrick Vieira
53%
Bernard Lama
52%
Thomas Lemar
52%
Youri Djorkaeff
51%
Franck Lebœuf
47%
Stéphane Guivarc'h
44%
Christian Karembeu
42%
Christophe Dugarry
42%
Robert Pirès
40%
Lionel Charbonnier
23%
Vincent Candela
23%
Bernard Diomède
19%
Alain Boghossian
18%
Aucun quiz correspondant
Distribution des résultats
% des personnes avec chaque résultat
Percentile par nombre de réponses
Votre historique - résultats
Vous n’avez pas pris ce quiz depuis la dernière actualisation